Letters to a young doctor / (Record no. 237)

000 -LEADER
fixed length control field 01333cam a2200385 a 4500
001 - CONTROL NUMBER
control field 3036175
003 - CONTROL NUMBER IDENTIFIER
control field OSt
005 - DATE AND TIME OF LATEST TRANSACTION
control field 20210419054137.0
008 - FIXED-LENGTH DATA ELEMENTS--GENERAL INFORMATION
fixed length control field 951226r19961982cau 000 0 eng
010 ## - LIBRARY OF CONGRESS CONTROL NUMBER
LC control number 95053777
020 ## - INTERNATIONAL STANDARD BOOK NUMBER
International Standard Book Number 0156003996
040 ## - CATALOGING SOURCE
Original cataloging agency DLC
Transcribing agency DLC
Modifying agency DLC
050 00 - LIBRARY OF CONGRESS CALL NUMBER
Classification number RD39
Item number .S437 1996
080 ## - UNIVERSAL DECIMAL CLASSIFICATION NUMBER
Universal Decimal Classification number 61(09)
Item number S-45
082 00 - DEWEY DECIMAL CLASSIFICATION NUMBER
Classification number 617
Edition number 20
100 1# - MAIN ENTRY--PERSONAL NAME
Personal name Selzer, Richard,
Dates associated with a name 1928-2016.
245 10 - TITLE STATEMENT
Title Letters to a young doctor /
Statement of responsibility, etc. by Richard Selzer ; with a new preface by the author.
250 ## - EDITION STATEMENT
Edition statement 1st Harvest ed.
260 ## - PUBLICATION, DISTRIBUTION, ETC.
Place of publication, distribution, etc. San Diego :
Name of publisher, distributor, etc. Harcourt Brace,
Date of publication, distribution, etc. [1996]
300 ## - PHYSICAL DESCRIPTION
Extent 205 p. ;
Dimensions 21 cm.
365 ## - TRADE PRICE
Price amount 12 usd
490 0# - SERIES STATEMENT
Series statement A Harvest book
500 ## - GENERAL NOTE
General note Originally published: New York : Simon & Schuster, c1982.
650 #0 - SUBJECT ADDED ENTRY--TOPICAL TERM
Topical term or geographic name entry element Surgery.
650 #0 - SUBJECT ADDED ENTRY--TOPICAL TERM
Topical term or geographic name entry element Medicine.
650 #0 - SUBJECT ADDED ENTRY--TOPICAL TERM
Topical term or geographic name entry element Residents (Medicine)
653 ## - INDEX TERM--UNCONTROLLED
Uncontrolled term მედიცინა
653 ## - INDEX TERM--UNCONTROLLED
Uncontrolled term ქირურგია
653 ## - INDEX TERM--UNCONTROLLED
Uncontrolled term რეზიდენტურის სტუდენტები
653 ## - INDEX TERM--UNCONTROLLED
Uncontrolled term განათლება
856 42 - ELECTRONIC LOCATION AND ACCESS
Materials specified Publisher description
Uniform Resource Identifier <a href="http://www.loc.gov/catdir/description/har041/95053777.html">http://www.loc.gov/catdir/description/har041/95053777.html</a>
906 ## - LOCAL DATA ELEMENT F, LDF (RLIN)
a 7
b cbc
c orignew
d 1
e ocip
f 19
g y-gencatlg
942 ## - ADDED ENTRY ELEMENTS (KOHA)
Source of classification or shelving scheme
Koha item type Books
Edition 1
Holdings
Withdrawn status Lost status Source of classification or shelving scheme Damaged status Not for loan Permanent location Current location Date acquired Inventory number Full call number Barcode Date last seen Price effective from Koha item type
          Ken Walker International University Ken Walker International University 11/13/2020 268 61(09) S-45 268 11/13/2020 11/13/2020 Books

Powered by Koha